Aksál ani prišiť, ani odpárať

Autorka prichádza s večnou témou - láskou. Lenže táto je poriadne naruby. Lebo láska, to je príroda v nás. A príroda je najmocnejšia. A robí si, čo chce. Aj živelné pohromy. Prvý pohľad, prvý dotyk a vlna cunami zmetie všetko, čo doteraz dávalo zmysel. Pozrieme sa na to očami aktérov známeho, a pred...

Celý popis

Podrobná bibliografia
Hlavný autor: Cigánová, Zuzana, 1947- (Autor)
Médium: Braillovo písmo Kniha
Jazyk:slovenčina
Fyzický popis:2 zv. v Braillovom písme 26 x 31 cm
Vydavateľské údaje: Levoča Slovenská knižnica pre nevidiacich Mateja Hrebendu 2017
ISBN:9788018061312
Predmet:

MARC

LEADER 00000cam a2200000 a 4500
001 vtls011714941
003 SK-MaSNL
005 20260302090454.0
007 fb a un a
008 240318s2017 xo ff 000 f slo
015 |a SNBK2018 
020 |a 9788018061312 
040 |a SNK  |b slo  |c SNK  |e AACR2 
041 0 |a slo 
044 |a xo  |c SK 
072 7 |a 821.162.4-3  |x Slovenská próza  |2 konspekt 
080 |a 821.162.4-31  |2 2011 
080 |a (0:003.24)  |2 2001 
080 |a (0:82-31)  |2 2011 
100 1 |a Cigánová, Zuzana,  |d 1947-  |4 aut  |9 105112 
245 1 0 |a Aksál  |h Braillovo písmo  |b ani prišiť, ani odpárať  |c Zuza Cigánová ; [korektor: Želmíra Zemčáková] 
260 |a Levoča  |b Slovenská knižnica pre nevidiacich Mateja Hrebendu  |c 2017 
300 |a 2 zv. v Braillovom písme  |c 26 x 31 cm 
520 8 |a Autorka prichádza s večnou témou - láskou. Lenže táto je poriadne naruby. Lebo láska, to je príroda v nás. A príroda je najmocnejšia. A robí si, čo chce. Aj živelné pohromy. Prvý pohľad, prvý dotyk a vlna cunami zmetie všetko, čo doteraz dávalo zmysel. Pozrieme sa na to očami aktérov známeho, a predsa celkom iného trojuholníka. Lyrický jazyk autorky, obohatený o mnohé podnetné roviny, kde je každá veta myšlienkou, podčiarkuje túto jedinečnú mozaiku ľudských citov a túžení 
655 7 |a publikácie pre nevidiacich  |2 SNKPH  |9 70695 
655 7 |a publikácie v Braillovom písme  |2 SNKPH  |9 222610 
655 7 |a slovenské romány  |2 SNKPH  |9 70324 
700 1 |a Zemčáková, Želmíra,  |d 1975-  |4 pfr  |9 190370 
787 0 8 |i Podľa knihy:  |t Aksál :  |d Bratislava : ani prišiť, ani odpárať Vydavateľstvo Spolku slovenských spisovateľov, 2016  |z 978-80-8061-910-7 
919 |a 978-80-18-06131-2 
958 |a SX 
958 |a LX 
999 |c 1196784  |d 1198714 
952 |a SNK  |b SNK  |y PREZ  |7 0  |p 17A1306433  |o snkOSB 18983/1  |i snk2017/27910  |8 0  |0 0  |1 0  |4 0  |d 2017-12-15  |l 0  |r 2026-02-24 22:29:32  |w 2026-02-24 
952 |a SNK  |b SNK  |y PREZ  |7 0  |p 17A1306434  |o snkOSB 18983/2  |i snk2017/27911  |8 0  |0 0  |1 0  |4 0  |d 2017-12-15  |l 0  |r 2026-02-24 22:29:32  |w 2026-02-24